00622nam a2200193Ia 450000500170000000800410001704000190005804100120007708200150008910000160010424500440012025000640016426000600022830000170028850400500030565000140035565100490036985000100041820240129092825.0131103s9999 xx 000 0 und d aLoreto College aEnglish a370.1bCUR aCurtis,S.J. aPhilosophy of Education, cS.J.Curtis aAn introduction : 2nd ed.bWith a foreword by William Walsh aLondonbUniversity Tutorial Pressc1965 (1968 printing) aviii,258 p.  aIncludes bibliographical references and index aEducation aEducation,Philosophy and Theory Of Education aLCLIB